000
00381nam a2200133Ia 4500
008
151001s9999||||xx |||||||||||||| ||und||
100
_a
प्र द मराठे
245
_a
सती शिळेवर उभी
250
_a
1
260
_b
अजिंक्य प्रकाशन सातारा
260
_c
1987
300
_a
160
365
_b
18
999
_c
966019
_d
966016